Подробности
| 000 -МАРКЕР |
| контрольное поле |
02805nam0a22004331 4500 |
| 001 - ИДЕНТИФИКАТОР ЗАПИСИ |
| контрольное поле |
RU\NLR\A1\10162 |
| 005 - ИДЕНТИФИКАТОР ВЕРСИИ |
| контрольное поле |
20260407102336.0 |
| 035 ## - ДРУГИЕ СИСТЕМНЫЕ НОМЕРА |
| Идентификатор записи |
(NLR Aleph) 009673602 |
| 100 ## - ДАННЫЕ ОБЩЕЙ ОБРАБОТКИ |
| Данные общей обработки |
20260119 rusy50 |
| 101 0# - ЯЗЫК РЕСУРСА |
| Язык текста, звукозаписи и т.д. |
русский |
| 102 ## - СТРАНА ПУБЛИКАЦИИ ИЛИ ПРОИЗВОДСТВА |
| Страна публикации |
российская федерация |
| 135 ## - ПОЛЕ КОДИРОВАННЫХ ДАННЫХ: ЭЛЕКТРОННЫЕ РЕСУРСЫ |
| Кодированные данные для электронного ресурса |
crmn mmmanaba |
| 140 ## - ПОЛЕ КОДИРОВАННЫХ ДАННЫХ: СТАРОПЕЧАТНЫЕ ИЗДАНИЯ - ОБЩАЯ ИНФОРМАЦИЯ |
| Кодированные данные о старопечатном издании - Основные |
y y aayaa0000 |
| 200 1# - ЗАГЛАВИЕ И СВЕДЕНИЯ ОБ ОТВЕТСТВЕННОСТИ |
| Основное заглавие |
Стихи поздравительные на благополучное возвращение из Новагорода в Санктпетербург. |
| Первые сведения об ответственности |
Святейшаго правительствующаго синода члену преосвященнейшему Гавриилу архиепископу Новгородскому, Санктпетербургскому и Троицкаго Александроневскаго монастыря архимандриту. В знак искреннейшей благодарности поднесенные от всенижайшаго слуги Якова Кантаровского. |
| 210 ## - ПУБЛИКАЦИЯ, РАСПРОСТРАНЕНИЕ И ДР. |
| Место издания, распространения и т.д. |
Печатаны в Санктпетербурге |
| Имя издателя, распространителя и т. д. |
[Тип. Морск. кад. корпуса] |
| Дата издания, распространения и т.д. |
1776 года июля 25 дня. |
| 215 ## - ФИЗИЧЕСКАЯ ХАРАКТЕРИСТИКА |
| Специфическое обозначение материала и объем |
[4] c. |
| Размеры |
4° |
| 316 ## - ПРИМЕЧАНИЯ ОБ ОСОБЕННОСТЯХ ЭКЗЕМПЛЯРА |
| Текст примечания |
Экз. РНБ (18.154.1.185) в бумаж. обложке. На 1-й и 2-й с. обл. ярлыки с шифром РНБ. На 4 с. обл. экслибрис РКФ (рус. книж. фонд) РНБ с шифром. |
| Организация и экземпляр, к которому относится поле |
NLR: 18.154.1.185 |
| 321 1# - ПРИМЕЧАНИЯ ОБ ОТДЕЛЬНО ИЗДАННЫХ УКАЗАТЕЛЯХ / РЕФЕРАТАХ / ССЫЛКАХ, ОТРАЖАЮЩИХ КАТАЛОГИЗИРУЕМЫЙ ДОКУМЕНТ |
| Примечания об указателях, рефератах, ссылках |
СК XVIII 2785 |
| 321 1# - ПРИМЕЧАНИЯ ОБ ОТДЕЛЬНО ИЗДАННЫХ УКАЗАТЕЛЯХ / РЕФЕРАТАХ / ССЫЛКАХ, ОТРАЖАЮЩИХ КАТАЛОГИЗИРУЕМЫЙ ДОКУМЕНТ |
| Примечания об указателях, рефератах, ссылках |
СК XVIII. Т.5. С.297 |
| 325 1# - ПРИМЕЧАНИЕ О КОПИИ |
| Текст примечания |
Копия доступна в электронной библиотеке РНБ |
| 620 ## - МЕСТО И ДАТА ПУБЛИКАЦИИ, ИСПОЛНЕНИЯ И Т. Д. |
| Город |
Санкт-Петербург |
| 700 #1 - ИМЯ ЛИЦА - ПЕРВИЧНАЯ ОТВЕТСТВЕННОСТЬ |
| Код отношения |
Автор |
| Графика поля |
Кириллица |
| Материалы, к которым относится поле |
rus |
| Начальный элемент ввода |
Кантаровский |
| Часть имени, кроме начального элемента ввода |
Я. И. |
| Расширение инициалов личного имени |
Яков Иванович |
| Системный номер авторитетной/нормативной записи |
207694 |
| Идентификатор авторитетной/нормативной записи |
RU\NLR\AUTH\770207747 |
| 702 #0 - ИМЯ ЛИЦА - ВТОРИЧНАЯ ОТВЕТСТВЕННОСТЬ |
| Начальный элемент ввода |
Гавриил |
| Дополнения к именам, кроме дат |
Шапошников, Петр Петрович |
| Даты |
1730-1801 |
| Код отношения |
Объект чествования |
| 712 02 - НАИМЕНОВАНИЕ ОРГАНИЗАЦИИ - ВТОРИЧНАЯ ОТВЕТСТВЕННОСТЬ |
| Код отношения |
Печатник (типограф) |
| Начальный элемент ввода |
Морской кадетский корпус |
| Идентифицирующий признак |
Петербург |
| Структурное подразделение |
Типография |
| Идентификатор авторитетной/нормативной записи |
RU\NLR\AUTH\889930200 |
| Системный номер авторитетной/нормативной записи |
355962 |
| 801 #0 - ИСТОЧНИК ЗАПИСИ |
| Страна |
российская федерация |
| Организация |
NLR |
| Дата составления |
19970813 |
| 852 ## - МЕСТОНАХОЖДЕНИЕ И ШИФР ХРАНЕНИЯ |
| Идентификатор организации |
NLR |
| Наименование фонда или коллекции (Sub-Location Identifier) |
МФ |
| Шифр хранения (Call Number) |
К-1/30390 |
| 852 ## - МЕСТОНАХОЖДЕНИЕ И ШИФР ХРАНЕНИЯ |
| Идентификатор организации |
NLR |
| Шифр хранения (Call Number) |
18.154.1.185 |
| 856 #0 - МЕСТОНАХОЖДЕНИЕ ЭЛЕКТРОННЫХ РЕСУРОВ И ДОСТУП К НИМ |
| Универсальный идентификатор ресурса (Uniform Resource Identifier) |
http://vivaldi.nlr.ru/bx000013614/view |
| 856 #1 - МЕСТОНАХОЖДЕНИЕ ЭЛЕКТРОННЫХ РЕСУРОВ И ДОСТУП К НИМ |
| Универсальный идентификатор ресурса (Uniform Resource Identifier) |
http://vivaldi.nlr.ru/bx000013614/cover |
| 856 #2 - МЕСТОНАХОЖДЕНИЕ ЭЛЕКТРОННЫХ РЕСУРОВ И ДОСТУП К НИМ |
| Универсальный идентификатор ресурса (Uniform Resource Identifier) |
http://vivaldi.nlr.ru/bx000013614/text |
| 901 ## - ДАННЫЕ ОБ ОБЪЕКТЕ ОЦИФРОВКИ |
| -- |
Книжные издания |
| 942 ## - ДОПОЛНИТЕЛЬНЫЕ ЭЛЕМЕНТЫ ЗАПИСИ (АБИС) |
| Тип экземпляра АБИС |
Книга |
| 980 ## - КОЛЛЕКЦИЯ |
| Название коллекции |
Национальная библиография |
| 980 ## - КОЛЛЕКЦИЯ |
| Название коллекции |
Новгородика |
| 980 ## - КОЛЛЕКЦИЯ |
| Название коллекции |
Русская книга гражданской печати XVIII в. в библиотеках РФ |
| 981 20 - КОЛЛЕКЦИЯ ЭЛЕКТРОННОЙ БИБЛИОТЕКИ |
| Название коллекции |
Книжные памятники РНБ |
| Название подколлекции |
Русский книжный фонд |
| 981 22 - КОЛЛЕКЦИЯ ЭЛЕКТРОННОЙ БИБЛИОТЕКИ |
| Название коллекции |
Материалы по истории России |
| Название подколлекции |
2. История России до 25 октября (7 ноября) 1917 года |
| -- |
|